MARC details
| 000 -CABECERA |
| campo de control de longitud fija |
02092nam a2200325 a 4500 |
| 001 - NÚMERO DE CONTROL |
| campo de control |
000005070 |
| 003 - IDENTIFICADOR DEL NÚMERO DE CONTROL |
| campo de control |
OSt |
| 005 - FECHA Y HORA DE LA ÚLTIMA TRANSACCIÓN |
| campo de control |
20260120073949.0 |
| 007 - CAMPO FIJO DE DESCRIPCIÓN FÍSICA--INFORMACIÓN GENERAL |
| campo de control de longitud fija |
ta |
| 008 - DATOS DE LONGITUD FIJA--INFORMACIÓN GENERAL |
| campo de control de longitud fija |
090729s1956 dr a 001 0 spa d |
| 040 ## - FUENTE DE LA CATALOGACIÓN |
| Centro catalogador/agencia de origen |
DO-SdBNP |
| Lengua de catalogación |
spa |
| Centro/agencia transcriptor |
BNPHU |
| 082 #4 - NÚMERO DE LA CLASIFICACIÓN DECIMAL DEWEY |
| Número de clasificación |
291.422 |
| Número de documento/Ítem |
R894m |
| Número de edición |
22 |
| 100 1# - ENTRADA PRINCIPAL--NOMBRE DE PERSONA |
| Nombre de persona |
Ruano, Agimiro |
| 9 (RLIN) |
14568 |
| 245 13 - MENCIÓN DE TÍTULO |
| Título |
La mística de occidente : |
| Resto del título |
San Juan de la Cruz, filósofo contemporáneo / |
| Mención de responsabilidad, etc. |
Ruano de Laiglesia ; prólogo Juan Francisco Sánchez. |
| 260 ## - PUBLICACIÓN, DISTRIBUCIÓN, ETC. |
| Lugar de publicación, distribución, etc. |
Ciudad Trujillo, República Dominicana : |
| Nombre del editor, distribuidor, etc. |
Universidad de Santo Domingo, |
| Fecha de publicación, distribución, etc. |
1956 |
| Lugar de fabricación/manufactura |
Montalvo |
| 300 ## - DESCRIPCIÓN FÍSICA |
| Extensión |
25, 239 p. : |
| Otras características físicas |
il. ; |
| Dimensiones |
23 cm. |
| 490 1# - MENCIÓN DE SERIE |
| Mención de serie |
Universidad de Santo Domingo |
| Designación de volumen o secuencia |
105. Serie II. Nº 3 |
| 504 ## - NOTA DE BIBLIOGRAFÍA, ETC. |
| Nota de bibliografía, etc. |
Incluye bibliografía y notas al pie de páginas. |
| 504 ## - NOTA DE BIBLIOGRAFÍA, ETC. |
| Nota de bibliografía, etc. |
Bibliografía: p. 19-25. |
| 505 0# - NOTA DE CONTENIDO CON FORMATO |
| Información miscelánea |
Dedicatoria -- |
| -- |
Prólogo -- |
| Título |
Entrada. Simbolismos en la mística española -- |
| Información miscelánea |
Bibliografía: |
| Título |
A)Ediciones de San Juan de la Cruz el siglo XX -- |
| -- |
B)Obras que deben conocerse sobre San Juan de Cruz hasta el siglo XX -- |
| -- |
C)Obras contemporáneas más notables sobre San Juan de la Cruz -- |
| -- |
D)Obras que pueden dar una idea de la mítica occidental contemporánea -- |
| Información miscelánea |
Sugerencias de introducción. |
| 505 0# - NOTA DE CONTENIDO CON FORMATO |
| Información miscelánea |
I.- La crisis tomista: |
| Título |
La escuela de Lovaina. Maritain. Gilson -- |
| -- |
San Juan de la Cruz y el espíritu del tomismo -- |
| Información miscelánea |
II.- Excursión al siglo de Descartes: |
| Título |
Bossuet -- |
| -- |
Desde Molinos y Fenelón a Malebranche -- |
| Información miscelánea |
Diálogos contemporáneos: |
| Título |
Maréchal, Amor Ruibal, Aimé Forest -- |
| -- |
Jean Baruzi -- |
| -- |
Louis Lavelle, Jacques Paillard, G. Thibon -- |
| -- |
Geografía espiritual de Blondel -- |
| -- |
Discusión en la Sorbona -- |
| Información miscelánea |
Lo menos sabido de San Juan de la Cruz: |
| Título |
Una frontera -- |
| -- |
Invasión espiritual -- |
| -- |
Los inconformes. |
| 600 14 - PUNTO DE ACCESO ADICIONAL DE MATERIA--NOMBRE DE PERSONA |
| Nombre de persona |
JUAN DE LA CRUZ, |
| Títulos y otros términos asociados al nombre |
SANTO, |
| Fechas asociadas al nombre |
1542-1591 |
| 9 (RLIN) |
14569 |
| 650 #4 - PUNTO DE ACCESO ADICIONAL DE MATERIA--TÉRMINO DE MATERIA |
| Término de materia o nombre geográfico como elemento de entrada |
Misticismo |
| Subdivisión general |
Iglesia católica |
| 9 (RLIN) |
14570 |
| 650 #4 - PUNTO DE ACCESO ADICIONAL DE MATERIA--TÉRMINO DE MATERIA |
| Término de materia o nombre geográfico como elemento de entrada |
Místicos |
| 9 (RLIN) |
14571 |
| 650 #0 - PUNTO DE ACCESO ADICIONAL DE MATERIA--TÉRMINO DE MATERIA |
| Término de materia o nombre geográfico como elemento de entrada |
Vida espiritual |
| 9 (RLIN) |
268 |
| 700 1# - PUNTO DE ACCESO ADICIONAL--NOMBRE DE PERSONA |
| Nombre de persona |
Sánchez, Juan Francisco, |
| Término indicativo de función/relación |
pról. |
| 9 (RLIN) |
7332 |
| 830 #0 - PUNTO DE ACCESO ADICIONAL DE SERIE-TÍTULO UNIFORME |
| Título uniforme |
Universidad de Santo Domingo |
| Número de parte o sección de la obra |
105. Serie II. Nº 3 |
| 9 (RLIN) |
14572 |
| 910 ## - DATOS DE OPCIÓN DEL USUARIO (OCLC) |
| Datos de opción del usuario |
Validado. Control de calidad EMS. |
| 942 ## - ELEMENTOS DE PUNTO DE ACCESO ADICIONAL (KOHA) |
| Fuente del sistema de clasificación o colocación |
Dewey Decimal Classification |
| Tipo de ítem Koha |
Libros y folletos |